Vakumnyje sistemy elektrofiziceskich ustanovok / (Rekord nr 26848)
| 000 -ETYKIETA REKORDU | |
|---|---|
| podpole kontrolne o stałej długości | 00603nam a2200205 i 4500 |
| 001 - NUMER KONTROLNY REKORDU | |
| pole kontrolne | bg |
| 040 ## - ŹRÓDŁO KATALOGOWANIA | |
| Instytucja, która utworzyła rekord | BPK |
| 041 ## - KOD JĘZYKA | |
| Kod języka tekstu | pol |
| 080 ## - UNIWERSALNA KLASYFIKACJA DZIESIĘTNA - UKD | |
| UKD | 621.384:533.5 |
| 008 - POLE O STAŁEJ DŁUGOŚCI - DANE KONTROLNE | |
| podpole kontrolne o stałej długości | s pl f |000 0 pol |
| 100 1# - NAZWA OSOBOWA | |
| Nazwa osobowa | GLAZKOV, A. A. |
| 245 #0 - TYTUŁ/ODPOWIEDZIALNOŚĆ | |
| Tytuł | Vakumnyje sistemy elektrofiziceskich ustanovok / |
| Pozostałe elementy strefy tytułu i oznaczenia odpowiedzialności | A. A. Glazkov, Im. F. Malysev, G. L. Saksaganskij. |
| 260 ## - STREFA ADRESU WYDAWNICZEGO | |
| Miejsce wydania | Moskva : |
| Nazwa wydawcy/dystrybutora | Atomizdat, |
| Data publikacji, dystrybucji/powstania dokumentu | 1975. |
| 300 ## - STREFA OPISU FIZYCZNEGO | |
| Objętość | s. 191, nlb. 1 : |
| Inne cechy fizyczne | rys., ilustr., tab. |
| 500 ## - UWAGI OGÓLNE | |
| Tekst uwagi | [Alf. ros.]. |
| 504 ## - UWAGA DOTYCZĄCA BIBLIOGRAFII | |
| Informacje o bibliografii | [Zawiera bibliogr. s. 182-191]. |
| 700 1# - HASŁO DODATKOWE - NAZWA OSOBOWA | |
| Nazwa osobowa | MALYSEV, Im. F. |
| 700 1# - HASŁO DODATKOWE - NAZWA OSOBOWA | |
| Nazwa osobowa | SAKSAGANSKIJ, G. L. |
| 856 ## - LOKALIZACJA I DOSTĘP DO ELEKTRONICZNYCH DOKUMENTÓW ZDALNYCH | |
| Link (URL) | http://koha.tu.koszalin.pl/cgi-bin/koha/opac-detail.pl?biblionumber=26848 |
| Tekst linku | Katalog online BPK |
| 942 ## - DODATKOWE ELEMENTY (KOHA) | |
| Typ dokumentu | Książka |
| Wycofany | Status egzemplarza | Uszkodzony | Dostępność | Lokalizacja stała | Lokalizacja bieżąca | Miejsce przechowywania | Sygnatura | Kod kreskowy | Typ dokumentu | Numer ubytku |
|---|---|---|---|---|---|---|---|---|---|---|
| Dostępny | Biblioteka Politechniki Koszalińskiej | Biblioteka Politechniki Koszalińskiej | Wypożyczalnia BG | 18502 | 01718928 | Książka | ||||
| Egz. niedostępny | Niedostępny | Biblioteka Politechniki Koszalińskiej | Biblioteka Politechniki Koszalińskiej | 18503 | 01718935 | Książka | 11828 | |||
| Egz. niedostępny | Niedostępny | Biblioteka Politechniki Koszalińskiej | Biblioteka Politechniki Koszalińskiej | 18504 | 01718942 | Książka | 11829 |
